| 000 | 01095nam a22002537a 4500 | ||
|---|---|---|---|
| 003 | BD-DhSAU | ||
| 005 | 20220817124853.0 | ||
| 008 | 220425b2020 bg bad|| |||| 000 0 eng d | ||
| 040 | _aBD-DhSAU | ||
| 082 |
_222 _a580 _bB545 |
||
| 100 |
_aBiswas, Satu _eRegistration # 13-05325 |
||
| 245 |
_aAdaptability assessment of traditional aromatic rice cultivars in Boro season based on growth variables, aroma quality and yield / _bMS thesis _cSatu Biswas |
||
| 260 |
_aSher-e-Bangla Agricultural Uniersity : _bDepartment of Agricultural Botany ; _cJune, 2020 |
||
| 300 |
_aviii, 55 p. : _bill. , charts ; _c30 cm. |
||
| 500 | _aMS thesis Department of Agricultural Botany, Faculty of Agriculture, Sher-e-Bangla Agricultural University, Dhaka, Bangladesh | ||
| 590 | _akobir | ||
| 650 | _aAgricultural Botany | ||
| 650 | _aAromatic rice | ||
| 650 | _aCultivars in Boro season | ||
| 700 |
_aHosain, Md. Tafail _eSupervisor |
||
| 700 |
_aHaque, Md. Moinul _eCo-Supervisor |
||
| 856 |
_yOnline Access _uhttp://archive.saulibrary.edu.bd:8080/xmlui/handle/123456789/4094 |
||
| 942 |
_2ddc _cTHESIS |
||
| 999 |
_c15930 _d15929 |
||